Phương pháp ôn tập kiến thức hóa học hữu cơ trong chương trình phổ thông trung học Luận văn tốt nghiệp Đại học Sư phạm ngành Hóa Khóa 15

Salvato in:
Dettagli Bibliografici
Autore principale: Trần Minh Duyên Khánh
Natura: Libro
Lingua:Undetermined
Pubblicazione: Cần Thơ Trường Đại học Cần Thơ, Khoa Sư phạm, Bộ môn Hóa 1993
Tags: Aggiungi Tag
Nessun Tag, puoi essere il primo ad aggiungerne! !
Thư viện lưu trữ: Trung tâm Học liệu Trường Đại học Cần Thơ
LEADER 00763nam a2200181Ia 4500
001 CTU_26874
008 210402s9999 xx 000 0 und d
082 |a 540.7 
082 |b Kh107/1993 
100 |a Trần Minh Duyên Khánh 
245 0 |a Phương pháp ôn tập kiến thức hóa học hữu cơ trong chương trình phổ thông trung học 
245 0 |b Luận văn tốt nghiệp Đại học Sư phạm ngành Hóa Khóa 15 
245 0 |c Trần Minh Duyên Khánh 
260 |a Cần Thơ 
260 |b Trường Đại học Cần Thơ, Khoa Sư phạm, Bộ môn Hóa 
260 |c 1993 
904 |i Nguyễn Quang Điền, 981020 
980 |a Trung tâm Học liệu Trường Đại học Cần Thơ